[Event "Moscow Open 2009 B"]
[Site "www.moscowchessopen.ru"]
[Date "2009.02.03"]
[Round "4.60"]
[White "Lagashin, Pavel"]
[Black "Gansvind, Valeriya I"]
[Result "0-1"]
[WhiteElo "2095"]
[BlackElo "2244"]
[Annotator ""]
[Source ""]
[Remark ""]

1.d4 Nf6 2.c4 e6 3.Nc3 b6 4.e4 Bb7 5.Bd3 Bb4 6.f3 Bxc3+ 7.bxc3
d6 8.Nh3 e5 9.O-O Nc6 10.d5 Nb8 11.Qe1 Nbd7 12.Qh4 Qe7 13.Be3
h6 14.Nf2 Nxd5 15.Bg5 Qxg5 16.Qxg5 hxg5 17.cxd5 Nc5 18.Bb5+ Ke7
19.Rfd1 Raf8 20.Nd3 Nxd3 21.Bxd3 g6 22.c4 Bc8 23.Bc2 Bd7 24.Rab1
g4 25.Rd3 f5 26.fxg4 fxg4 27.Rd2 Rf7 28.Rb2 g5 29.Bd3 Rf4 30.Rf2
Be8 31.Rbe2 Bg6 32.Bc2 a6 33.a4 Rb8 34.Bd3 Be8 35.Ra2 a5 36.g3
Rf3 37.Rxf3 gxf3 38.g4 Bg6 39.Kf2 Rf8 40.Ke3 Rh8 41.Rf2 Be8 42.Bc2
Bd7 43.Kxf3 Rh3+ 44.Ke2 Bxg4+ 45.Kd2 Bd7 46.Bd3 g4 47.Rg2 Rf3
48.Ke2 Kf6 0-1

[Event "Moscow Open 2009 B"]
[Site "www.moscowchessopen.ru"]
[Date "2009.02.03"]
[Round "4.61"]
[White "Rozhkov, Vecheslav"]
[Black "Ibragimov, Ali"]
[Result "1-0"]
[WhiteElo "2243"]
[BlackElo "2089"]
[Annotator ""]
[Source ""]
[Remark ""]

1.e4 c5 2.Nf3 Nc6 3.d4 cxd4 4.Nxd4 e5 5.Nb5 a6 6.Nd6+ Bxd6 7.Qxd6
Qe7 8.Qd1 Nf6 9.Nc3 h6 10.Bc4 b5 11.Bd5 Rb8 12.Be3 O-O 13.O-O
Bb7 14.a3 Na5 15.Bxb7 Rxb7 16.Nd5 Nxd5 17.Qxd5 d6 18.Rad1 Nc4
19.Bc1 Rc8 20.b3 Nb6 21.Qxd6 Qxd6 22.Rxd6 Rxc2 23.Be3 Nd7 24.Rxa6
b4 25.Ra8+ Kh7 26.a4 Rb2 27.a5 Rxb3 28.a6 Rc7 29.a7 Ra3 30.Rb8
Rcxa7 31.Bxa7 Rxa7 32.Rxb4 Nf8 33.Rfb1 Ne6 34.Rb7 Rxb7 35.Rxb7
f6 36.f3 Kg6 37.g3 h5 38.Kf2 Nd4 39.f4 exf4 40.gxf4 Kh7 41.Rb8 1-0

[Event "Moscow Open 2009 B"]
[Site "www.moscowchessopen.ru"]
[Date "2009.02.03"]
[Round "4.62"]
[White "Gharagyozian, Artur"]
[Black "Mayorov, Vasili"]
[Result "1/2-1/2"]
[WhiteElo "2233"]
[BlackElo "2074"]
[Annotator ""]
[Source ""]
[Remark ""]

1.e4 e6 2.d4 d5 3.Nd2 c5 4.Ngf3 Nc6 5.dxc5 Bxc5 6.exd5 exd5 7.Be2
Nge7 8.O-O O-O 9.Nb3 Bd6 10.Be3 Bg4 11.Nbd4 a6 12.h3 Bh5 13.Qd2
Qc7 14.c3 Rfe8 15.Bd3 Bg6 16.Bxg6 hxg6 17.Nb3 Rad8 18.Rfe1 Nf5
19.Bg5 Rxe1+ 20.Rxe1 f6 21.Be3 Nxe3 22.Qxe3 Ne5 23.Nxe5 Bxe5
24.Rd1 Qc4 25.Qb6 Rd6 26.Qxb7 Qe2 27.Rb1 Kh7 28.Qb4 Qc2 29.Re1
Re6 30.Qh4+ Kg8 31.Nd4 Qd2 32.Rb1 Rb6 33.Nb3 Qc2 34.Re1 Re6 35.Nd4
Qd2 36.Nf3 Qxb2 37.Nxe5 fxe5 38.Qd8+ Kh7 39.Qxd5 Qxc3 1/2-1/2

[Event "Moscow Open 2009 B"]
[Site "www.moscowchessopen.ru"]
[Date "2009.02.03"]
[Round "4.63"]
[White "Ivanets, Vladimir"]
[Black "Potyavin, Igor"]
[Result "0-1"]
[WhiteElo "2223"]
[BlackElo "2071"]
[Annotator ""]
[Source ""]
[Remark ""]

1.b4 e5 2.Bb2 f6 3.a3 d5 4.e3 Be6 5.c4 c6 6.Qc2 Nh6 7.cxd5 cxd5
8.Nc3 Be7 9.d4 O-O 10.Bd3 e4 11.Nxe4 dxe4 12.Bxe4 Nc6 13.Bxh7+
Kh8 14.Bd3 Rc8 15.Qe2 Nxb4 16.axb4 Bxb4+ 17.Kf1 Bc3 18.Nf3 Qb6
19.Bxc3 Rxc3 20.Ne1 Rfc8 21.f3 Rb3 22.Rd1 Rcc3 23.g4 Rxd3 24.Rxd3
Bc4 25.Kg2 Qb5 26.Rf1 Bxd3 0-1

[Event "Moscow Open 2009 B"]
[Site "www.moscowchessopen.ru"]
[Date "2009.02.03"]
[Round "4.64"]
[White "Shmatkov, Mikhail"]
[Black "Stepanov, Igor"]
[Result "1-0"]
[WhiteElo "2219"]
[BlackElo "2044"]
[Annotator ""]
[Source ""]
[Remark ""]

1.e4 d5 2.exd5 Qxd5 3.Nc3 Qa5 4.d4 Nf6 5.Nf3 c6 6.Bc4 Bg4 7.h3
Bxf3 8.Qxf3 e6 9.O-O Nbd7 10.Bf4 Nd5 11.Bxd5 cxd5 12.Rfe1 Nf6
13.a3 Rc8 14.Be5 Be7 15.Qg3 O-O 16.Re3 Nh5 17.Qg4 g6 18.Qe2 Ng7
19.g4 f5 20.Bf4 g5 21.Rxe6 Bb4 22.Bd6 Bxc3 23.Bxf8 Rxf8 24.bxc3
Qxc3 25.Rb1 b6 26.Re3 Qxd4 27.Rd1 Qc5 28.Qd3 Rd8 29.c4 fxg4 30.hxg4
d4 31.Re4 h6 32.Rxd4 Rxd4 33.Qxd4 Qxd4 34.Rxd4 1-0

[Event "Moscow Open 2009 B"]
[Site "www.moscowchessopen.ru"]
[Date "2009.02.03"]
[Round "4.65"]
[White "Shuvalov, Evgenij"]
[Black "Denishev, Marat"]
[Result "1-0"]
[WhiteElo "2213"]
[BlackElo "2028"]
[Annotator ""]
[Source ""]
[Remark ""]

1.Nf3 d5 2.c4 e6 3.g3 Nf6 4.Bg2 c5 5.cxd5 Nxd5 6.O-O Be7 7.d4
O-O 8.dxc5 Bxc5 9.Qc2 Qe7 10.Ng5 g6 11.Rd1 Nc6 12.Nc3 Nd4 13.Qe4
Nxc3 14.bxc3 Nf5 15.Qc4 Qc7 16.Kf1 Bb6 17.Qxc7 Bxc7 18.Ne4 Be5
19.Ba3 Re8 20.Rd3 Rb8 21.Rad1 b6 22.f4 Bg7 23.Nd6 Nxd6 24.Bxd6
Ba6 25.Bxb8 Bxd3 26.Bxa7 Bc4 27.Bxb6 Bxa2 28.Bd4 e5 29.fxe5 Bxe5
30.Ra1 Bc4 31.Ra8 Rxa8 32.Bxa8 Bd6 33.Bf6 Bb5 34.Bd5 Kf8 35.Kf2
Be7 36.Bxe7+ Kxe7 37.Ke3 f6 38.c4 Bd7 39.Kd4 1-0

[Event "Moscow Open 2009 B"]
[Site "www.moscowchessopen.ru"]
[Date "2009.02.03"]
[Round "4.66"]
[White "Botoyan, Smbat"]
[Black "Davydenko, Andrey"]
[Result "1-0"]
[WhiteElo "2092"]
[BlackElo "2212"]
[Annotator ""]
[Source ""]
[Remark ""]

1.d4 Nf6 2.c4 g6 3.Nc3 Bg7 4.e4 d6 5.Be2 O-O 6.Nf3 e5 7.dxe5
dxe5 8.Qxd8 Rxd8 9.Bg5 Re8 10.O-O-O Na6 11.Nxe5 Rxe5 12.Rd8+
Re8 13.Bxf6 Rxd8 14.Bxd8 Bxc3 15.bxc3 Bh3 16.Rd1 Bxg2 17.e5 Kf8
18.f3 Ke8 19.Bf6 Nc5 20.Rd4 h5 21.Rh4 a5 22.Kd2 Ra6 23.Ke3 Rb6
24.Rd4 Nd7 25.c5 Rb2 26.c6 bxc6 27.Ra4 Nxf6 28.exf6 Bh3 29.Rxa5
Kd7 30.a4 Ke6 31.Ra6 Kd5 32.Bd3 Be6 33.Be4+ Ke5 34.Rxc6 Rxh2
35.a5 Ra2 36.a6 g5 37.Bd3 h4 38.Rxe6+ 1-0

[Event "Moscow Open 2009 B"]
[Site "www.moscowchessopen.ru"]
[Date "2009.02.03"]
[Round "4.67"]
[White "Panko, Alexander"]
[Black "Anarkulov, A"]
[Result "0-1"]
[WhiteElo "2087"]
[BlackElo "2202"]
[Annotator ""]
[Source ""]
[Remark ""]

1.d4 Nf6 2.Bg5 d5 3.e3 Nbd7 4.f4 Ne4 5.Nf3 Nxg5 6.fxg5 c6 7.c4
e6 8.cxd5 exd5 9.Bd3 Be7 10.h4 Qc7 11.O-O Qg3 12.Nc3 Nf8 13.Qe1
Qxe1 14.Raxe1 Be6 15.e4 dxe4 16.Bxe4 O-O-O 17.Ne5 f6 18.Nf7 Bxf7
19.Bf5+ Ne6 20.Bxe6+ Bxe6 21.Rxe6 Rd7 22.Ne4 Bd8 23.gxf6 gxf6
24.Rd6 Re7 25.Nc5 Re2 26.Rf2 Rhe8 27.Rxe2 Rxe2 28.Re6 Rxb2 29.Re8
b6 30.Nb7 Kxb7 31.Rxd8 Rxa2 32.Rd7+ Ka6 33.Rxh7 b5 34.d5 cxd5
35.Rf7 b4 36.Rxf6+ Kb5 37.h5 b3 38.Rf8 Ra6 39.Rf1 b2 40.h6 Ra1
41.h7 Rxf1+ 0-1

[Event "Moscow Open 2009 B"]
[Site "www.moscowchessopen.ru"]
[Date "2009.02.03"]
[Round "4.68"]
[White "Kurukin, Dmitry"]
[Black "An, Yuriy"]
[Result "1-0"]
[WhiteElo "2202"]
[BlackElo "2014"]
[Annotator ""]
[Source ""]
[Remark ""]

1.e4 g6 2.d4 Bg7 3.Nc3 d6 4.f4 h5 5.Nf3 Nf6 6.Bd3 Bg4 7.h3 Bxf3
8.Qxf3 Nc6 9.Be3 Nb4 10.Bb5+ c6 11.Ba4 d5 12.e5 Ne4 13.O-O Nxc3
14.bxc3 Na6 15.c4 Qa5 16.Bb3 e6 17.cxd5 cxd5 18.c4 Nc7 19.Rab1
Rd8 20.cxd5 Nxd5 21.Bxd5 Rxd5 22.Rxb7 O-O 23.Qf2 Rb5 24.Rxb5
Qxb5 25.Qc2 Qd5 26.Rb1 a5 27.a4 Qd7 28.Rb5 Rc8 29.Qd2 Rc4 30.Qxa5
Bf8 31.Rb8 Kg7 32.Qb5 Rxd4 33.Qxd7 Rxd7 34.a5 Rd1+ 35.Kf2 Ra1
36.Ra8 Ra3 37.Ke2 Bb4 38.a6 Ra2+ 39.Kf1 Bd2 40.Bb6 Bxf4 41.a7 1-0

[Event "Moscow Open 2009 B"]
[Site "www.moscowchessopen.ru"]
[Date "2009.02.03"]
[Round "4.69"]
[White "Gorishniy, Yuri"]
[Black "Spichkin, Alexander"]
[Result "0-1"]
[WhiteElo "2085"]
[BlackElo "2201"]
[Annotator ""]
[Source ""]
[Remark ""]

1.Nf3 Nc6 2.d4 d5 3.c4 Bg4 4.cxd5 Bxf3 5.dxc6 Bxc6 6.Nc3 Nf6
7.f3 e6 8.e4 Bb4 9.Be3 Qe7 10.Bc4 Nd5 11.Bxd5 exd5 12.e5 f6 13.O-O
fxe5 14.dxe5 Qxe5 15.Bd4 Qh5 16.Re1+ Kd7 17.Bxg7 Bd6 18.f4 Qxd1
19.Raxd1 Rhg8 20.Be5 Bc5+ 21.Bd4 Bd6 22.Rf1 Rg4 23.g3 Re8 24.Kf2
Rg6 25.Kf3 b6 26.Rde1 Rgg8 27.Rxe8 Rxe8 28.Kg4 Bb7 29.f5 c5 30.Bg7
Rg8 31.f6 Bf8 32.Rf5 Bxg7 33.Rg5 Ke6 34.Rxg7 Rxg7+ 35.fxg7 Kf7
36.Nb5 Bc8+ 37.Kf4 Bd7 38.Nxa7 b5 39.b4 c4 40.Ke3 c3 41.Kd3 d4
42.a4 Bf5+ 43.Ke2 d3+ 44.Kd1 Bg4+ 0-1

[Event "Moscow Open 2009 B"]
[Site "www.moscowchessopen.ru"]
[Date "2009.02.03"]
[Round "4.70"]
[White "Savchuk, Vladimir"]
[Black "Kuznetsov, Mikhail V"]
[Result "1-0"]
[WhiteElo "2081"]
[BlackElo "2196"]
[Annotator ""]
[Source ""]
[Remark ""]

1.d4 Nf6 2.c4 e6 3.Nc3 c5 4.d5 exd5 5.cxd5 d6 6.Nf3 g6 7.g3 Bg7
8.Bg2 O-O 9.O-O Na6 10.Nd2 Nc7 11.a4 b6 12.Nc4 Ba6 13.Na3 Qd7
14.Re1 Rfd8 15.h3 b5 16.axb5 Nxb5 17.Naxb5 Bxb5 18.Nxb5 Qxb5
19.Bf1 Ne4 20.e3 c4 21.Ra4 Rdc8 22.Qc2 Qxd5 23.Rxc4 Rxc4 24.Bxc4
Qf5 25.g4 Qa5 26.Rd1 Re8 27.Bd5 Nf6 28.Bg2 h5 29.gxh5 Qxh5 30.Rxd6
Nh7 31.Qd1 Qa5 32.Bd2 Qc7 33.Bc3 Bxc3 34.Rc6 Rd8 35.Qc2 Qa5 36.Qxc3
Qa1+ 37.Kh2 Qd1 38.Qc4 Ng5 39.Rxg6+ 1-0

[Event "Moscow Open 2009 B"]
[Site "www.moscowchessopen.ru"]
[Date "2009.02.03"]
[Round "4.71"]
[White "Uraev, Ivan"]
[Black "Tobengauz, Pavel"]
[Result "1/2-1/2"]
[WhiteElo "2194"]
[BlackElo "1955"]
[Annotator ""]
[Source ""]
[Remark ""]

1.c4 b6 2.Nc3 e6 3.e4 Bb7 4.d4 Bb4 5.f3 f5 6.exf5 Nh6 7.fxe6
Nf5 8.Bf4 dxe6 9.Nge2 O-O 10.a3 Qh4+ 11.g3 Bxc3+ 12.Nxc3 Qh5
13.Bg2 Nh4 14.O-O Nd7 15.Ne4 Nxg2 16.Kxg2 Nf6 17.Qd3 Rad8 18.Bxc7
Rd7 19.Nxf6+ Rxf6 20.Bb8 Rdf7 21.d5 exd5 22.cxd5 Bxd5 23.Bf4
Bc6 24.Rac1 g5 25.Rxc6 Rxc6 26.Qd8+ Kg7 27.Be5+ Kh6 28.Bc3 Qg6
29.h4 Rxc3 30.hxg5+ Qxg5 31.Rh1+ Kg6 32.Qg8+ Kf6 33.Qh8+ Qg7
34.Qxg7+ Kxg7 35.bxc3 Rc7 36.Rd1 a5 37.Rd3 Rc4 38.g4 Ra4 39.Rd7+
Kg8 40.Rd8+ Kg7 41.Rd7+ Kg8 1/2-1/2

[Event "Moscow Open 2009 B"]
[Site "www.moscowchessopen.ru"]
[Date "2009.02.03"]
[Round "4.72"]
[White "Asgarov, Mushfig Nizami Oglu"]
[Black "Glushkov, Lev"]
[Result "1-0"]
[WhiteElo "2192"]
[BlackElo "1897"]
[Annotator ""]
[Source ""]
[Remark ""]

1.e4 e6 2.d4 d5 3.Nd2 Nf6 4.e5 Nfd7 5.Bd3 c5 6.c3 Qb6 7.Ne2 Nc6
8.Nf3 Be7 9.O-O O-O 10.Bc2 cxd4 11.cxd4 Nb4 12.Bb1 Rd8 13.Nc3
Nf8 14.a3 Nc6 15.b4 Bd7 16.Bf4 Rac8 17.Qd2 Nxb4 18.axb4 Bxb4
19.Rc1 Qc6 20.Qd3 Bxc3 21.Ra3 b5 22.Raxc3 Qb6 23.Rxc8 Rxc8 24.Rxc8
Bxc8 25.Qc3 Bd7 26.Bd2 Bc6 27.Qb4 Nd7 28.Qe7 h6 29.Bb4 Qb8 30.Bd6
Qc8 31.g4 a5 32.Qh4 b4 33.Bd3 Ba4 34.g5 g6 35.gxh6 Bd1 36.h7+
Kg7 37.Be7 Bxf3 38.Bf6+ Nxf6 39.Qxf6+ 1-0

[Event "Moscow Open 2009 B"]
[Site "www.moscowchessopen.ru"]
[Date "2009.02.03"]
[Round "4.73"]
[White "Dubonosov, Evgenij"]
[Black "Trusov, Mikhail"]
[Result "0-1"]
[WhiteElo "2082"]
[BlackElo "2191"]
[Annotator ""]
[Source ""]
[Remark ""]

1.d4 d5 2.c4 c6 3.Nc3 Nf6 4.Nf3 e6 5.e3 Bd6 6.b3 O-O 7.Bd3 Nbd7
8.O-O Re8 9.e4 dxe4 10.Nxe4 Nxe4 11.Bxe4 Nf6 12.Bc2 h6 13.Bb2
b6 14.Ne5 Bb7 15.Qe2 c5 16.dxc5 Bxc5 17.Rad1 Qe7 18.Ng4 Nxg4
19.Qxg4 f5 20.Qg6 Qf7 21.Qg3 Bc6 22.a3 a5 23.Rd2 Rad8 24.Rfd1
Rxd2 25.Rxd2 Qe7 26.a4 Bb4 27.Rd1 Qf7 28.Bd4 Bc5 29.Bxc5 bxc5
30.h3 e5 31.Rd6 Ba8 32.Rxh6 e4 33.Rd6 Qe7 34.h4 Rf8 35.Rg6 Qd7
36.h5 Kh7 37.Qe5 Rf7 38.Qf4 Qd4 39.Qg5 Qa1+ 40.Kh2 Qe5+ 41.g3
Qd4 42.Qf4 Qc3 43.Bd1 Qa1 44.Qd2 Qe5 45.Rd6 e3 46.fxe3 Qe4 47.Kg1
Qh1+ 48.Kf2 Qg2+ 49.Ke1 Qxg3+ 50.Ke2 Bf3+ 51.Kf1 Qh3+ 52.Kf2
Qg2+ 53.Ke1 Qg1# 0-1

[Event "Moscow Open 2009 B"]
[Site "www.moscowchessopen.ru"]
[Date "2009.02.03"]
[Round "4.74"]
[White "Beliaev, Boris"]
[Black "Yudkevich, Mikhail"]
[Result "0-1"]
[WhiteElo "2080"]
[BlackElo "2190"]
[Annotator ""]
[Source ""]
[Remark ""]

1.e4 e5 2.Bc4 Nf6 3.d3 c6 4.Nf3 d5 5.exd5 cxd5 6.Bb5+ Bd7 7.Bxd7+
Nbxd7 8.Bg5 Bd6 9.O-O O-O 10.Re1 Re8 11.Nbd2 Nc5 12.Nf1 Ne6 13.Bh4
Nf4 14.g3 Ng6 15.Bg5 h6 16.Bc1 Qd7 17.Kg2 Rad8 18.c3 Bb8 19.Qb3
e4 20.dxe4 dxe4 21.Nd4 Qg4 22.h3 Nh4+ 23.Kh2 Qh5 24.Be3 Nf3+
25.Nxf3 exf3 26.Rad1 Ng4+ 27.Kg1 Qxh3 0-1

[Event "Moscow Open 2009 B"]
[Site "www.moscowchessopen.ru"]
[Date "2009.02.03"]
[Round "4.75"]
[White "Semenychev, Alexandr"]
[Black "Kulagin, Maxim"]
[Result "0-1"]
[WhiteElo "2080"]
[BlackElo "2186"]
[Annotator ""]
[Source ""]
[Remark ""]

1.d4 Nf6 2.c4 c5 3.d5 b5 4.a4 b4 5.Nd2 g6 6.e4 d6 7.b3 Bg7 8.Bb2
O-O 9.f4 Bg4 10.Ngf3 e6 11.h3 Bxf3 12.Qxf3 exd5 13.cxd5 Nxe4
14.Bxg7 Nxd2 15.Kxd2 Kxg7 16.Bb5 a6 17.Bd3 Qf6 18.Rac1 Nd7 19.g4
Qb2+ 20.Bc2 Qd4+ 21.Bd3 Nf6 22.g5 Nxd5 23.Rc4 Qb2+ 24.Bc2 Nb6
25.Re4 Rae8 26.Rb1 Qc3+ 27.Qxc3+ bxc3+ 28.Kxc3 Nd5+ 29.Kd3 Nb4+
30.Kd2 Rxe4 31.Bxe4 Re8 32.Bf3 f6 33.Rc1 fxg5 34.fxg5 Re5 35.h4
Kf7 36.Rh1 Ke7 37.Rg1 d5 38.Be2 a5 39.Rg3 Nc6 40.Bd1 Nd4 41.Kd3
Nf5 42.Rh3 d4 43.Rh1 Kd6 44.h5 Ne3 45.hxg6 hxg6 46.Bf3 Rxg5 47.Rh8
Rg3 48.Ke4 Nf1 49.Bd1 Nd2+ 50.Kf4 Rg1 51.Bc2 g5+ 52.Kf5 Rc1 53.Bd3
Nxb3 54.Be4 c4 55.Rc8 d3 56.Bxd3 cxd3 57.Rd8+ Kc5 58.Rxd3 Kb4
59.Kxg5 Rf1 0-1

[Event "Moscow Open 2009 B"]
[Site "www.moscowchessopen.ru"]
[Date "2009.02.03"]
[Round "4.76"]
[White "Borodin, Stanislav"]
[Black "Martynov, Vladimir"]
[Result "0-1"]
[WhiteElo "2077"]
[BlackElo "2184"]
[Annotator ""]
[Source ""]
[Remark ""]

1.Nf3 g6 2.c4 Bg7 3.Nc3 f5 4.d3 c6 5.e4 d6 6.Bg5 h6 7.Bd2 e5
8.Qb3 Nd7 9.exf5 Nc5 10.Qc2 Bxf5 11.Be2 g5 12.h3 Nf6 13.Be3 Nfd7
14.Nd2 O-O 15.Nde4 Qe7 16.Ng3 Bg6 17.Nh5 Nxd3+ 18.Bxd3 Bxh5 19.O-O
Nf6 20.Rae1 b6 21.f4 gxf4 22.Bxf4 Nd7 23.Be3 Rxf1+ 24.Rxf1 Rf8
25.Qd2 Rxf1+ 26.Bxf1 Qe6 27.g4 Bf7 28.g5 hxg5 29.Bxg5 d5 30.b3
e4 31.Ne2 Ne5 32.Bg2 Nf3+ 33.Bxf3 exf3 34.Nf4 Qf5 35.h4 dxc4
36.bxc4 Bxc4 37.Qd8+ Qf8 38.Kf2 Qxd8 39.Bxd8 Bxa2 40.Kxf3 c5
41.Ke4 c4 42.Bg5 b5 43.Ne6 Bb2 44.Nc5 a5 45.Kd5 c3+ 46.Kc6 Bc4
47.Kb6 a4 0-1

[Event "Moscow Open 2009 B"]
[Site "www.moscowchessopen.ru"]
[Date "2009.02.03"]
[Round "4.77"]
[White "Kretov, Evgueij"]
[Black "Pristalov, Evgeny"]
[Result "1-0"]
[WhiteElo "2181"]
[BlackElo "1905"]
[Annotator ""]
[Source ""]
[Remark ""]

1.d4 Nf6 2.c4 g6 3.Nc3 d5 4.cxd5 Nxd5 5.Bd2 Bg7 6.e4 Nb6 7.Be3
O-O 8.Be2 Nc6 9.Nf3 Bg4 10.d5 Bxf3 11.gxf3 Ne5 12.Qb3 Qd7 13.h3
f6 14.a4 Nc8 15.f4 Nf7 16.Qxb7 Ncd6 17.Qc6 Qxc6 18.dxc6 Nd8 19.Rc1
e6 20.f3 a6 21.Na2 e5 22.Nb4 a5 23.fxe5 fxe5 24.Nd5 Ne6 25.Rd1
Rfd8 26.O-O Rab8 27.Rd2 Rb3 28.Rfd1 Bf8 29.Nxc7 Nxc7 30.Rxd6
Rxd6 31.Bc4+ Kg7 32.Bxb3 Rxc6 33.Rd7+ Kh8 34.Kg2 Na6 35.Rf7 Bc5
36.Bh6 Rb6 37.Rd7 1-0

[Event "Moscow Open 2009 B"]
[Site "www.moscowchessopen.ru"]
[Date "2009.02.03"]
[Round "4.78"]
[White "Khazankin, Moisei"]
[Black "Sadikhov, Ulvi Ramil Oglu"]
[Result "1/2-1/2"]
[WhiteElo "2180"]
[BlackElo "1885"]
[Annotator ""]
[Source ""]
[Remark ""]

1.e4 c5 2.Nc3 Nc6 3.Nf3 e6 4.d4 cxd4 5.Nxd4 d6 6.Be2 Nf6 7.O-O
Be7 8.Be3 O-O 9.f4 Qc7 10.Nb3 a6 11.Qe1 b5 12.a3 Bb7 13.Qf2 Nd7
14.g4 b4 15.axb4 Nxb4 16.Bd3 Nc5 17.Nxc5 dxc5 18.Bc4 Bf6 19.g5
Bd4 20.Rfe1 Rfd8 21.Bb3 Bxe3 22.Rxe3 c4 23.Ba4 Qc5 24.Re2 Qxf2+
25.Kxf2 Rd4 26.Rd1 Rxd1 27.Nxd1 Rd8 28.Nc3 Kf8 29.Ke3 Ke7 30.Rg2
Bc6 31.Bxc6 Nxc6 32.Na4 Rb8 33.c3 Rb5 34.Rd2 f6 35.h4 h6 36.gxh6
gxh6 37.Rg2 Kf7 38.Rd2 Ke7 39.Kf3 Na5 40.Rg2 Kf7 41.Rd2 Ke7 1/2-1/2

[Event "Moscow Open 2009 B"]
[Site "www.moscowchessopen.ru"]
[Date "2009.02.03"]
[Round "4.79"]
[White "Anfinogenov, Artem"]
[Black "Mamaev, Evgeniy"]
[Result "0-1"]
[WhiteElo "2068"]
[BlackElo "2179"]
[Annotator ""]
[Source ""]
[Remark ""]

1.e4 c5 2.Nf3 Nc6 3.d4 cxd4 4.Nxd4 g6 5.Nc3 Bg7 6.Be3 Nf6 7.f3
O-O 8.Qd2 d5 9.exd5 Nxd5 10.Nxc6 bxc6 11.Bd4 Bxd4 12.Qxd4 Qa5
13.Qa4 Qb6 14.Qb3 Qe3+ 15.Ne2 Qe5 16.O-O-O Rb8 17.Qa3 Ne3 18.Re1
Nxc2 19.Kxc2 Bf5+ 20.Kc1 Rb5 21.Rd1 Ra5 22.Qb3 Rc5+ 23.Kd2 Bc2
24.Qb7 Rd8+ 25.Ke1 Bxd1 26.f4 Qe3 27.Qxa7 Bxe2 0-1

[Event "Moscow Open 2009 B"]
[Site "www.moscowchessopen.ru"]
[Date "2009.02.03"]
[Round "4.80"]
[White "Sakharov, Lev"]
[Black "Natacheev, Peter"]
[Result "1-0"]
[WhiteElo "2057"]
[BlackElo "2179"]
[Annotator ""]
[Source ""]
[Remark ""]

1.d4 d5 2.c4 c6 3.Nf3 Nf6 4.Nc3 a6 5.c5 g6 6.Bf4 Bg7 7.g3 Nbd7
8.Bg2 O-O 9.O-O Re8 10.Qd2 Nh5 11.Bg5 f6 12.Be3 Bf8 13.Bh6 f5
14.Bxf8 Rxf8 15.Ng5 Ndf6 16.f4 Ne4 17.Ncxe4 fxe4 18.Nh3 Nf6 19.Nf2
Bf5 20.h3 h5 21.b4 Qd7 22.e3 Kf7 23.h4 Ne8 24.Rfb1 Nc7 25.a4
Rfb8 26.Ra3 Qe8 27.Rba1 Bd7 28.Bf1 Kg7 29.Kh2 b5 30.cxb6 Rxb6
31.a5 Rb7 32.Rb3 Nb5 33.Nd1 Nd6 34.Nb2 Bg4 35.Rc1 Nf5 36.Na4
Rc7 37.Rbc3 e6 38.Rc5 Kh6 39.Nb6 Raa7 40.R1c2 Qe7 41.Rxc6 Nxh4
42.gxh4 Rxc6 43.Rxc6 Qxh4+ 44.Kg1 Bf3 45.Qh2 Qe1 46.Qf2 Qxb4
47.Rxe6 Bg4 48.Nxd5 Qxa5 49.Re5 Qd8 50.Rg5 Rd7 51.Nc3 Bf5 52.Ne2
a5 53.Ng3 Bg4 54.Be2 Bxe2 55.Qxe2 a4 56.Nxe4 Qb6 57.Nc5 Ra7 58.Rg2
a3 59.Qa2 1-0

[Event "Moscow Open 2009 B"]
[Site "www.moscowchessopen.ru"]
[Date "2009.02.03"]
[Round "4.81"]
[White "Galynin, Dmitri"]
[Black "Pluzhnik, Mikhail"]
[Result "1/2-1/2"]
[WhiteElo "2049"]
[BlackElo "2177"]
[Annotator ""]
[Source ""]
[Remark ""]

1.c4 Nf6 2.Nc3 g6 3.e4 d6 4.d4 Bg7 5.f3 O-O 6.Be3 e5 7.Nge2 c6
8.dxe5 dxe5 9.Qxd8 Rxd8 10.Nc1 Be6 11.Be2 Nh5 12.g3 Nd7 13.O-O
Nb6 14.b3 f5 15.Nd3 Nd7 16.Rfd1 Nhf6 17.Rac1 fxe4 18.fxe4 h6
19.Nf2 Bf8 20.Rd3 Kg7 21.Rcd1 Re8 22.h3 Bb4 23.Na4 b5 24.cxb5
cxb5 25.Nc3 Nc5 26.Bxc5 Bxc5 27.Kg2 a6 28.Ng4 Bd4 29.Nxf6 Kxf6
30.Nd5+ Bxd5 31.exd5 Rac8 32.Bf3 Ke7 1/2-1/2

[Event "Moscow Open 2009 B"]
[Site "www.moscowchessopen.ru"]
[Date "2009.02.03"]
[Round "4.82"]
[White "Gainullin, Yakov"]
[Black "Leonov, Vladislav"]
[Result "1-0"]
[WhiteElo "2034"]
[BlackElo "2176"]
[Annotator ""]
[Source ""]
[Remark ""]

1.e4 g6 2.d4 Bg7 3.Nc3 d6 4.g3 Nf6 5.Bg2 O-O 6.Nge2 c6 7.a4 Nbd7
8.h3 c5 9.Be3 cxd4 10.Bxd4 Qa5 11.O-O Ne5 12.Kh2 Be6 13.f4 Nc6
14.Be3 Qh5 15.Bg1 Bg4 16.Qd3 Rac8 17.Nd4 a6 18.Rae1 Nb4 19.Qd2
e5 20.Nde2 Rc6 21.Nc1 Bh6 22.Nd3 Nxd3 23.Qxd3 Be6 24.Nd5 Nxd5
25.exd5 Bf5 26.Re4 Rc7 27.g4 Bxg4 28.fxe5 Bf5 29.exd6 Bxe4 30.Qxe4
Rd7 31.c4 Rxd6 32.Bc5 Rdd8 33.Bxf8 Bxf8 34.Kh1 Bd6 35.Qe3 Rc8
36.b3 Kf8 37.Qf2 f5 38.Qb6 1-0

[Event "Moscow Open 2009 B"]
[Site "www.moscowchessopen.ru"]
[Date "2009.02.03"]
[Round "4.83"]
[White "Borisovsky, Viktor"]
[Black "Radomsky, Viacheslav G"]
[Result "0-1"]
[WhiteElo "2041"]
[BlackElo "2175"]
[Annotator ""]
[Source ""]
[Remark ""]

1.d4 d5 2.c4 c6 3.Nf3 e6 4.Nc3 Nf6 5.e3 Nbd7 6.Bd3 dxc4 7.Bxc4
b5 8.Bd3 a6 9.O-O c5 10.e4 cxd4 11.Nxd4 Bb7 12.Bc2 b4 13.Na4
Be7 14.Re1 Rc8 15.e5 Nd5 16.Qh5 g6 17.Qh3 Rc4 18.Nxe6 fxe6 19.Bxg6+
hxg6 20.Qxh8+ Nf8 21.Bh6 Rh4 22.Rac1 Qa5 23.b3 Nf4 24.Nc5 Bxc5
25.Rxc5 Qxc5 26.Bxf8 Ne2+ 27.Kf1 Bxg2+ 28.Kxg2 Qd5+ 0-1

[Event "Moscow Open 2009 B"]
[Site "www.moscowchessopen.ru"]
[Date "2009.02.03"]
[Round "4.85"]
[White "Remizov, Juri"]
[Black "Basencyan, Mark"]
[Result "1-0"]
[WhiteElo "2174"]
[BlackElo "1848"]
[Annotator ""]
[Source ""]
[Remark ""]

1.e4 e5 2.Bc4 Be7 3.Qh5 g6 4.Qxe5 Nf6 5.d3 Nc6 6.Qg3 d5 7.exd5
Nd4 8.Bb3 Nf5 9.Qf3 Nh4 10.Qe2 O-O 11.Kf1 Nxd5 12.Nc3 Nxc3 13.bxc3
Bf6 14.Qd2 Qd6 15.d4 Qc6 16.f3 Re8 17.Kf2 Nf5 18.Qd3 Nd6 19.Ne2
Bf5 20.Qd2 Nc4 21.Qf4 Nd6 22.h4 Re7 23.Ba3 Rae8 24.Ng3 Qxc3 25.Rad1
Bxc2 26.Bxd6 cxd6 27.Bxc2 Qxc2+ 28.Rd2 Qc3 29.Rhd1 Bg7 30.Ne4
d5 31.Nxc3 1-0

[Event "Moscow Open 2009 B"]
[Site "www.moscowchessopen.ru"]
[Date "2009.02.03"]
[Round "4.86"]
[White "Piskov, Vladimir"]
[Black "Asefi, Zaheeruddeen"]
[Result "0-1"]
[WhiteElo "2030"]
[BlackElo "2172"]
[Annotator ""]
[Source ""]
[Remark ""]

1.d4 d5 2.Bg5 h6 3.Bh4 Bf5 4.e3 c5 5.dxc5 Qa5+ 6.Nc3 e6 7.Qd4
Qxc5 8.O-O-O Nc6 9.Qxc5 Bxc5 10.Nxd5 exd5 11.Rxd5 Be7 12.Rxf5
Bxh4 13.Bc4 Bf6 14.Nf3 Nge7 15.Rb5 b6 16.e4 Nd4 17.e5 Bg5+ 18.Nxg5
hxg5 19.Rb4 Nec6 20.Bb5 Nxb5 21.Rxb5 O-O-O 22.c3 Kc7 23.e6 f6
24.Rf5 Kd6 25.h3 Kxe6 26.Rf3 Kf7 27.Kc2 Rhe8 28.Re3 Rxe3 29.fxe3
Ne5 0-1

[Event "Moscow Open 2009 B"]
[Site "www.moscowchessopen.ru"]
[Date "2009.02.03"]
[Round "4.87"]
[White "Pokhlebin, Sergej"]
[Black "Bobrov, Yury"]
[Result "0-1"]
[WhiteElo "1999"]
[BlackElo "2169"]
[Annotator ""]
[Source ""]
[Remark ""]

1.e4 e5 2.Nf3 Nc6 3.Bb5 a6 4.Ba4 d6 5.c3 Bd7 6.d4 Nf6 7.d5 Nb8
8.Bxd7+ Nbxd7 9.Nbd2 Be7 10.O-O O-O 11.Re1 h6 12.b4 Nh7 13.Qc2
Re8 14.c4 a5 15.Ba3 b6 16.Nf1 g6 17.Bc1 Bf8 18.b5 Bg7 19.g4 Rf8
20.Ng3 Nc5 21.Be3 Qd7 22.h3 h5 23.Kg2 hxg4 24.hxg4 Qxg4 25.Rh1
Qd7 26.Rag1 Rfe8 27.Kf1 Nf6 28.Nf5 Ncxe4 29.Nxg7 Kxg7 30.Bh6+
Kg8 31.Qc1 Ng4 32.Rh4 f5 33.Ng5 Nexf2 34.Ne6 Rxe6 35.dxe6 Qxe6
36.Rg2 Ne4 37.Qc2 Qf6 38.Rh3 Re8 39.Qd3 Qf7 40.Kg1 Re7 41.Rh4
Nef6 42.Bg5 e4 43.Qh3 Qg7 44.Rhxg4 fxg4 45.Qc3 Re5 46.Qe3 Rf5
47.Rh2 Nh5 48.Rg2 Qa1+ 49.Qc1 Qxc1+ 50.Bxc1 g3 51.Re2 Re5 52.Bb2
Re6 53.Bc1 Kf7 54.Bg5 Re5 55.Bd2 g5 56.Be1 e3 57.Kf1 Re4 58.Rg2
Rxc4 59.Bxg3 Nf4 0-1

[Event "Moscow Open 2009 B"]
[Site "www.moscowchessopen.ru"]
[Date "2009.02.03"]
[Round "4.88"]
[White "Vavulin, Maksim"]
[Black "Nikologorskiy, Konstantin"]
[Result "0-1"]
[WhiteElo "1857"]
[BlackElo "2168"]
[Annotator ""]
[Source ""]
[Remark ""]

1.e4 c6 2.d4 d5 3.Nc3 dxe4 4.Nxe4 Bf5 5.Ng3 Bg6 6.Nf3 Nd7 7.Be2
Qc7 8.O-O e6 9.c4 Ngf6 10.Bd2 Be7 11.Bc3 O-O 12.Ne5 Rfd8 13.Nxg6
hxg6 14.Qc2 Rac8 15.Rfe1 c5 16.dxc5 Bxc5 17.Bf3 Be7 18.Rad1 b6
19.Be2 a5 20.a3 Ne5 21.Rc1 Nc6 22.Bf1 Bc5 23.Ne4 Ng4 24.g3 Nd4
25.Bxd4 Rxd4 26.Nxc5 bxc5 27.Qc3 Ne5 28.Re3 Ng4 29.Ree1 Rb8 30.Bg2
Qb6 31.Rc2 Nh6 32.Bh3 a4 33.Re5 Rd1+ 34.Kg2 Qc6+ 35.Qf3 Rg1+
36.Kxg1 Qxf3 37.Rd2 Qc6 38.f4 Nf5 39.Bxf5 gxf5 40.Re1 Qa6 0-1